Score 0/10 Timer 01:00
0 Plays Today
% Correct
Robert Downey Jr.
96.5%
Gwyneth Paltrow
92.9%
Jon Favreau
88.4%
Jeff Bridges
82.5%
Terrence Howard
80.8%
Paul Bettany
73.2%
Clark Gregg
69.1%
Leslie Bibb
48.9%
Faran Tahir
48.8%
Shaun Toub
41.6%
Remove Ads.
Support Sporcle.
Get the best of Sporcle when you Go Orange. This ad-free experience offers more features, more stats, and more fun while also helping to support Sporcle. Thank you for becoming a member.

You're not logged in!

Compare scores with friends on all Sporcle quizzes.
OR
Log In

Show Comments

Extras

Top Quizzes Today


Score Distribution

Your Account Isn't Verified!

In order to create a playlist on Sporcle, you need to verify the email address you used during registration. Go to your Sporcle Settings to finish the process.

Report this User

Report this user for behavior that violates our Community Guidelines.

Details: